00622cam a22001932 4500001001100000005001700011008004100028040001500069050002200084110003800106245002700144260005800171300001100229650003800240908001100278950000600289999001500295952011800310000002350720151021151148.0130204s xx 000 0 eng d aKABUcKABU 0aKSK1744.5b.A3K462 aKenya, Government of.@000015192510aConstitution of Kenya. aNairobi :bNational Council for Law Reporting,c2010. a193 p. 0aConstitutionszKenya.@0000153436 a130204 @1 c1354d1354 00102lcc70aKNTCbKNTCd2015-10-21l0oKSK1744.5 .A3K46 2010b c. 1p19430r2015-10-21 00:00:00w2015-10-21yBK